00489 2200181 4500245008000000020002200080250001100102100001200113700001900125650001900144650001300163005001900176260005500195041001400250084000800264300002600272336000900298 aSampung Bone Industries Budaya Alat Tulang di Situs Gua LawacJatmikohText a978-979-8041-74-7 aCet. 1 aJatmiko aThomas Sutikna aWarisan Budaya aGua Lawa a20240902103429 aJakartabPusat Penelitian Arkeologi Nasionalc2020 aIndonesia a306 aHlm., 14,8 × 21 cm : atext